000 01120nam a22003497a 4500
003 CHAP
005 20220329143421.0
008 090528s2002 sp r 00010 spa d
010 _a96265
011 _a97237
020 _a8471124726
035 _a107900
040 _cCHAP
082 0 4 _a379.154
_bK96
100 1 _aKushner, Saville
_964141
245 1 0 _aPersonalizar la evaluación
_c/por Saville Kushner
260 _aMadrid :
_bMorata,
_c2002
300 _a231 p.
490 0 _aColeccion Educacion critica
534 _pTít. original :
_tPersonalizing evaluation
590 _aBATCH-UPD
_b10
_c20130110
_lUCH01
_h0553
590 _aBATCH-UPD
_b10
_c20130410
_lUCH01
_h0234
590 _aBATCH-UPD
_b10
_c20130914
_lUCH01
_h1002
590 _aCONVERSION
_b10
_c20130109
_lUCH01
_h1353
650 1 4 _aEducación
_xEvaluación.
_935444
650 1 4 _aEvaluación.
_938913
650 1 4 _aProgramas de capacitación
_xEvaluación.
_992377
830 0 _aColeccion Educacion critica
_924655
901 _aBK
942 _cLIBRO
949 _a379.154 K96
_bBC
_cLIBRO
_d33724002093694
_eLIBRO
_gI.c/e
_h110718
_i107900
_sb
_t$315.00
999 _c96265
_d96265